ბათუმის შოთა რუსთაველის სახელმწიფო უნივერსიტეტის ბიბლიოთეკა

სისხლის სამართლის კერძო ნაწილი. წ.1. / (ბიბ.ჩანაწერი № 40580)

000 -ლიდერი
ფიქსირებული სიგრძის საკონტროლო ველი 01502nam a2200289Ia 4500
001 - საკონტროლო ნომერი
საკონტროლო ველი 7205
003 - საკონტროლო ნომრის იდენტიფიკატორი
საკონტროლო ველი GE_BSU
005 - ბოლო ოპერაციის თარიღი და დრო
საკონტროლო ველი 20221230120013.0
008 - ფიქსირებული სიგრძის მონაცემთა ელემენტები - ზოგადი ინფორმაცია
ფიქსირებული სიგრძის საკონტროლო ველი 181216s2011||||ge |||||||||||||| ||geo||
020 ## - წიგნის საერთაშორისო სტანდარტული ნომერი
International Standard Book Number 9789941100451
040 ## - კატალოგიზაციის წყარო
Transcribing agency GE_BSU
041 ## - ენის კოდი
Language code of text/sound track or separate title geo
080 ## - უნივერსალური ათობითი კლასიფიკაციის ინდექსი
Universal Decimal Classification number 343(479.22)(075.8) ლ-40
100 ## - მთავარი ჩანაწერი - პიროვნების სახელი
Personal name ლეკვეიშვილი, მზია
9 (RLIN) 16654
245 ## - ცნობა სათაურის შესახებ
Title სისხლის სამართლის კერძო ნაწილი. წ.1. /
Statement of responsibility, etc მზია ლეკვეიშვილი, ნონა თოდუა, ნინო გვენეტაძე, გოჩა მამულაშვილი ; რედაქტორი: გოჩა მამულაშვილი, მარიამ ინასარიძე.
250 ## - გამოცემის ცნობა
Edition statement მე-4 გამოცემა.
264 ## - წარმოების, გამოცემის, დისტრიბუციის და სხვა ცნობები
გამოცემის, წარმოების, დისტრიბუციის... ადგილი თბილისი :
გამოცემის, წარმოების, დისტრიბუციის... სახელწოდება მერიდიანი,
გამოცემის, წარმოების, დისტრიბუციის... თარიღი 2011.
300 ## - ფიზიკური აღწერა
Extent 769გვ.;
Other physical details 21სმ.
653 ## - INDEX TERM--UNCONTROLLED
Uncontrolled term სამართალი
653 ## - INDEX TERM--UNCONTROLLED
Uncontrolled term საქართველოს სისხლის სამართალი
700 ## - ADDED ENTRY--PERSONAL NAME
Personal name თოდუა, ნონა
Relator term ავტორი
9 (RLIN) 5363
700 ## - ADDED ENTRY--PERSONAL NAME
Personal name გვენეტაძე, ნინო
Relator term ავტორი
9 (RLIN) 6476
700 ## - ADDED ENTRY--PERSONAL NAME
Personal name მამულაშვილი, გოჩა
Relator term ავტორი, რედაქტორი.
9 (RLIN) 5362
700 ## - ADDED ENTRY--PERSONAL NAME
Personal name ინასარიძე, მარიამ
Relator term რედაქტორი
9 (RLIN) 16655
942 ## - ADDED ENTRY ELEMENTS (KOHA)
Koha item type წიგნი
Source of classification or shelving scheme
ეგზემპლარები
ჩამოწერის სტატუსი დაკარგული ეგზემპლარის სტატუსი კლასიფიკაციის წყარო ან თაროზე გაწყობის სქემა დაზიანების სტატუსი არ გაიცემა მუდმივი მდებარეობა (დაცვის ადგილი) ამჟამინდელი ადგილსამყოფელი თაროზე განთავსების ადგილი შეძენის თარიღი ღირებულება, შესყიდვის ნორმალური ფასი სრული შენახვის შიფრი შტრიხკოდი ბოლო ოპერაციის თარიღი ეგზემპლარის მიმდევრობითი ნომერი (კეტერი?) ფასის ძალაში შესვლის თარიღი ეგზემპლარის სახეობა საჯარო შენიშვნა
          ბათუმის შოთა რუსთაველის სახელმწიფო უნივერსიტეტის მთავარი ბიბლიოთეკა ბათუმის შოთა რუსთაველის სახელმწიფო უნივერსიტეტის მთავარი ბიბლიოთეკა წიგნსაცავი 2018-12-17 14.00 343(479.22)(075.8) ლ-40 22867 2018-12-17 22867 2018-12-17 წიგნი 14 ლ.
          ბათუმის შოთა რუსთაველის სახელმწიფო უნივერსიტეტის მთავარი ბიბლიოთეკა ბათუმის შოთა რუსთაველის სახელმწიფო უნივერსიტეტის მთავარი ბიბლიოთეკა წიგნსაცავი 2018-12-17 14.00 343(479.22)(075.8) ლ-40 22868 2018-12-17 22868 2018-12-17 წიგნი 14 ლ.
          ბათუმის შოთა რუსთაველის სახელმწიფო უნივერსიტეტის მთავარი ბიბლიოთეკა ბათუმის შოთა რუსთაველის სახელმწიფო უნივერსიტეტის მთავარი ბიბლიოთეკა წიგნსაცავი 2018-12-17 14.00 343(479.22)(075.8) ლ-40 22869 2018-12-17 22869 2018-12-17 წიგნი 14 ლ.
          ბათუმის შოთა რუსთაველის სახელმწიფო უნივერსიტეტის მთავარი ბიბლიოთეკა ბათუმის შოთა რუსთაველის სახელმწიფო უნივერსიტეტის მთავარი ბიბლიოთეკა წიგნსაცავი 2018-12-17 14.00 343(479.22)(075.8) ლ-40 22870 2018-12-17 22870 2018-12-17 წიგნი 14 ლ.
          ბათუმის შოთა რუსთაველის სახელმწიფო უნივერსიტეტის მთავარი ბიბლიოთეკა ბათუმის შოთა რუსთაველის სახელმწიფო უნივერსიტეტის მთავარი ბიბლიოთეკა წიგნსაცავი 2018-12-17 14.00 343(479.22)(075.8) ლ-40 22871 2018-12-17 22871 2018-12-17 წიგნი 14 ლ.
          ბათუმის შოთა რუსთაველის სახელმწიფო უნივერსიტეტის მთავარი ბიბლიოთეკა ბათუმის შოთა რუსთაველის სახელმწიფო უნივერსიტეტის მთავარი ბიბლიოთეკა წიგნსაცავი 2018-12-17 14.00 343(479.22)(075.8) ლ-40 22872 2018-12-17 22872 2018-12-17 წიგნი 14 ლ.
          ბათუმის შოთა რუსთაველის სახელმწიფო უნივერსიტეტის მთავარი ბიბლიოთეკა ბათუმის შოთა რუსთაველის სახელმწიფო უნივერსიტეტის მთავარი ბიბლიოთეკა წიგნსაცავი 2018-12-17 14.00 343(479.22)(075.8) ლ-40 22873 2018-12-17 22873 2018-12-17 წიგნი 14 ლ.
          ბათუმის შოთა რუსთაველის სახელმწიფო უნივერსიტეტის მთავარი ბიბლიოთეკა ბათუმის შოთა რუსთაველის სახელმწიფო უნივერსიტეტის მთავარი ბიბლიოთეკა წიგნსაცავი 2018-12-17 14.00 343(479.22)(075.8) ლ-40 22874 2018-12-17 22874 2018-12-17 წიგნი 14 ლ.
          ბათუმის შოთა რუსთაველის სახელმწიფო უნივერსიტეტის მთავარი ბიბლიოთეკა ბათუმის შოთა რუსთაველის სახელმწიფო უნივერსიტეტის მთავარი ბიბლიოთეკა წიგნსაცავი 2018-12-17 14.00 343(479.22)(075.8) ლ-40 22875 2018-12-17 22875 2018-12-17 წიგნი 14 ლ.
          ბათუმის შოთა რუსთაველის სახელმწიფო უნივერსიტეტის მთავარი ბიბლიოთეკა ბათუმის შოთა რუსთაველის სახელმწიფო უნივერსიტეტის მთავარი ბიბლიოთეკა წიგნსაცავი 2018-12-17 14.00 343(479.22)(075.8) ლ-40 22876 2018-12-17 22876 2018-12-17 წიგნი 14 ლ.